| 000 | 01323nam a22002897a 4500 | ||
|---|---|---|---|
| 999 |
_c33912 _d33912 |
||
| 001 | 3226 | ||
| 003 | CO-MdFUSB | ||
| 005 | 20180622073133.0 | ||
| 008 | 180511t1981 xxu||||| |||| 00| 0 spa d | ||
| 020 | _a0-570-03742-5 | ||
| 040 |
_aCO-MdFUSB _bspa _cCO-MdFUSB _dCO-MdFUSBC _erda |
||
| 041 | 0 | _aspa | |
| 082 | 0 | 4 | _aG 230 K666p |
| 100 | 1 |
_aKlug, Eugene F. A. (1917-) _eautor |
|
| 245 | 1 | 0 |
_aPenetración _b : La fórmula de la Concordia. Historia y recopilación de la fórmula _c/ Eugene F. Klug ; Andrés A. Meléndez, Traductor |
| 264 | 4 |
_aSt. Louis, Miss., USA : _b Concordia, _c©1981 |
|
| 300 | _a189 Pag | ||
| 336 |
_2rdacontent _atexto _btxt |
||
| 337 |
_2rdamedia _asin mediación _bn |
||
| 338 |
_2rdacarrier _avolumen _bnc |
||
| 500 | _aTraducción del Epítome por Juan Berndt y Erico Sexauer | ||
| 505 | 0 | 0 | _a- El pecado original - El libre albedrío - La justicia ante Dios que proviene de la fe - Las buenas obras - La ley y el evangelio - El tercer uso de la ley - La Santa Cena en Cristo - El descenso de Cristo - Ceremonias eclesiásticas - La predestinación y la elección eterna - Otras facciones Herécticas sectas |
| 650 | 7 |
_aIglesias protestantes _9222 |
|
| 650 | 0 |
_aTeología dogmática _91260 _xHistoria _yEdad Media, 600-1500 |
|
| 653 | _aIglesia luterana - Formula concordia | ||
| 942 | _cBK | ||